Famous Firsts Quiz Stats

 Plays Quiz Updated Mar 14, 2018

Score 0/40 Timer 08:00
2 Plays Today
First Answer % Correct
United States PresidentGeorge Washington
94%
Man to Walk on the MoonNeil Armstrong
88.6%
Planet from the SunMercury
83.7%
Assasinated PresidentAbraham Lincoln
80.5%
Cloned MammalDolly
76.4%
StateDelaware
67.5%
Winner of American IdolKelly Clarkson
64.5%
Country Attacked in World War IIPoland
62%
Institution of Higher Education in the USHarvard
60.7%
National ParkYellowstone National Park
60.3%
President to Speak on TelevisionFranklin D. Roosevelt
59.6%
State to Secede from the UnionSouth Carolina
54.4%
Permanent English Colony in AmericaJamestown
53.8%
Capital of the United StatesPhiladelphia, Pennsylvania
52.3%
Amendment to the ConstitutionFreedom of Speech, Religion and more
48.8%
Super Bowl WinnerGreen Bay Packers
46.5%
Film to Earn $1 Billion WorldwideTitanic
46.1%
Impeached PresidentAndrew Johnson
42.7%
Female Supreme Court JusticeSandra Day O'Connor
41.4%
MTV VideoVideo Killed the Radio Star
39.1%
First Answer % Correct
Professional Baseball TeamCincinnati Red Stockings
37.9%
Mickey Mouse CartoonSteamboat Willie
36%
President to Die in OfficeWilliam Henry Harrison
35.8%
African American Supreme Court JusticeThurgood Marshall
35.5%
Shots of the Revolutionary WarLexington and Concord
31.7%
To Summit Mt. EverestHillary and Norgay
31.2%
Solo Transatlantic FlightCharles A. Lindbergh
30.5%
Roman EmperorAugustus Caesar
26.4%
BillionaireJohn D. Rockefeller
24.5%
Wife of Henry VIIICatherine of Aragon
23.5%
Battle of the American Civil WarBombardment of Fort Sumter
19.6%
4 Minute MileSir Roger Bannister
18%
World Cup (Soccer) WinnerUruguay
17.6%
Guest Host of Saturday Night LiveGeorge Carlin
11.1%
Winner of Euro. Cup/UEFA Champs LeagueReal Madrid
10%
NBA Lottery #1 PickPatrick Ewing
8.8%
Best Picture Oscar WinnerWings
7.4%
General-Purpose Electronic ComputerENIAC
5.7%
UK Prime MinisterSir Robert Walpole
4.2%
To Swim Across English ChannelMatthew Webb
1.8%

You're not logged in!

Compare scores with friends on all Sporcle quizzes.
OR
Log In

Sporcle TV

Today on Sporcle TV


Watch our educational content, quiz creation guides, and fun videos on Sporcle TV.

Show Comments

Extras

Top Quizzes Today


Score Distribution

Your Account Isn't Verified!

In order to create a playlist on Sporcle, you need to verify the email address you used during registration. Go to your Sporcle Settings to finish the process.

Report this User

Report this user for behavior that violates our Community Guidelines.

Details: